Taxes and incentives : a guide for investors (Record no. 500543)

000 -LEADER
fixed length control field 00358cam a22001097a 4500
008 - FIXED-LENGTH DATA ELEMENTS--GENERAL INFORMATION
fixed length control field 180718b1974 xxu||||| |||| 00| 0 eng d
082 ## - DEWEY DECIMAL CLASSIFICATION NUMBER
Classification number L2x54 In2t
245 ## - TITLE STATEMENT
Title Taxes and incentives : a guide for investors
Statement of responsibility, etc. by Indian Investment Centre, India
260 ## - PUBLICATION, DISTRIBUTION, ETC.
Place of publication, distribution, etc. Delhi
Name of publisher, distributor, etc. Indian Investment Centre
Date of publication, distribution, etc. 1974
300 ## - PHYSICAL DESCRIPTION
Extent 146+p.
700 ## - ADDED ENTRY--PERSONAL NAME
Personal name India. Indian Investment Centre
Holdings
Withdrawn status Lost status Damaged status Not for loan Permanent Location Current Location Date acquired Full call number Barcode Date last seen Price effective from Koha item type
        Indian Institute of Public Administration Indian Institute of Public Administration 2018-08-04 L2x54 In2t GG16041 2018-08-04 2018-08-04 GG

Powered by Koha